000
00249nam a22001097a 4500
008
170119b xxu||||| |||| 00| 0 eng d
020
_a
9781582554365
041
_a
eng
080
_a
618.2
245
_a
NURSING DRUG GUIDE
_c
KARCH, A.M
942
_2
udc
_c
BK
999
_c
3148
_d
3148